Statistiques concernant Quiz sur le football néerlandais

Cliquez ici pour prendre le quiz!

Statistiques générales

  • Ce quiz a été pris 274 fois
  • Le résultat moyen est 14 sur 18

Statistiques - réponses

QuestionRéponse% Correct
Citez les 3 clubs néerlandais à avoir rempoté la ligue des champions (ou coupe des clubs champions)Ajax Amsterdam
95%
Couleurs historiques de la sélection néerlandaiseOrange
93%
Adversaire des Pays-Bas lors du "derby des Plats Pays"Belgique
91%
Légende des Pays-Bas, également connu en tant qu'entraîneur, notamment pour son style de jeu basé sur la passe et le mouvementJohan Cruyff
90%
Citez les 3 clubs néerlandais à avoir rempoté la ligue des champions (ou coupe des clubs champions)PSV Eindhoven
90%
Rival historique des Pays-BasAllemagne
88%
Années des finales de coupe du monde disputées par les Pays-Bas2010
84%
Citez les 3 clubs néerlandais à avoir rempoté la ligue des champions (ou coupe des clubs champions)Feyenoord Rotterdam
83%
Contre quel club l'Ajax Amsterdam s'est-il fait sortir au terme d'un match spectaculaire en demi-finale de la ligue des champions 2018/2019Tottenham
83%
Nom du championnat des Pays-Bas de footballEredivisie
82%
Couleurs historiques de la sélection néerlandaiseBleu
80%
Années des finales de coupe du monde disputées par les Pays-Bas1974
74%
Années des finales de coupe du monde disputées par les Pays-Bas1978
73%
Meilleur buteur de la sélectionRobin Van Persie
71%
Sélectionneur des Pays-Bas depuis janvier 2023Ronald Koeman
56%
De quel pays sont originaires de nombreux joueurs des Pays-Bas, comme notamment Gullit ou KluivertSuriname
53%
Celui de l'Ajax Amsterdam est réputée comme étant l'un des meilleurs d'Europe (son nom est De Toekomst)Centre de formation
49%
Joueur le plus capé de la sélectionWesley Sneijder
28%

Distribution des résultats

Percentile par nombre de réponses

% des personnes avec chaque résultat

Votre développement - résultats

Vous n’avez pas pris ce quiz